000 00972cab a2200217 4500
001 ##L133371
008 060504n2006 000 0 eng u
035 _a(Sirsi) u133371
041 0 _aeng
100 1 _aKlein, Rudi
245 0 4 _aThe collaboration game
260 _c2006
490 0 _aBuilding
_v271(8428) 28 April 2006, 53(1)
520 _aArgues that to derive full benefit from using NEC3 for design and construction works, the Olympic Delivery Authority will have to ensure that appropriate procurement strategies and relationships are in place. A fully integrated design team needs to be appointed, for which there are precedents in the construction industry, such as the Taylor Woodrow strategic alliance partnership.
590 _aIKA090506
650 2 4 _aNEW ENGINEERING CONTRACT (THIRD EDITION)
650 2 4 _aOLYMPIC GAMES 2012
650 2 4 _aOLYMPIC DELIVERY AUTHORITY
690 _aMANAGEMENT-PROJECT MANAGEMENT-PROGRAMME MANAGEMENT
942 _n0
999 _c76959
_d76959